| 000 | 00960nam a2200277 a 4500 | ||
|---|---|---|---|
| 001 | 23609 | ||
| 003 | BD-RjUL | ||
| 005 | 20211209000941.0 | ||
| 008 | 140311r19681892nyu b 001 0 eng d | ||
| 035 | _a(BD-RjUL)23674 | ||
| 035 | _a(OCoLC)427561189 | ||
| 040 |
_aDLC _beng _cDLC _dBD-RjUL |
||
| 041 | _aeng | ||
| 082 | 0 | 4 |
_219 _a842.914 _bAIL 1968 |
| 100 | 1 |
_aAitken, George Atherton, _d1860-1917. _972675 |
|
| 245 | 1 | 4 |
_aThe life and works of John Arbuthnot / _cby George A. Aitken. |
| 260 |
_aNew York : _bRussell & Russell, _c1892 [reissued 1968]. |
||
| 300 |
_ax, 516 p. : _billus., geneal. tabel, port. _c23 cm. |
||
| 504 | _aIncludes bibliographical references and index. | ||
| 600 | 1 | 0 |
_aArbuthnot, John, _d1667-1735. _972684 |
| 650 | 0 |
_aAuthors, English _y18th century _vBiography. _972677 |
|
| 650 | 0 |
_aSatire, English _xHistory and criticism. _972678 |
|
| 700 | 1 |
_aArbuthnot, John, _d1667-1735. _972679 |
|
| 942 |
_2ddc _cBK |
||
| 999 |
_c23609 _d23609 |
||